000 00440nam a22001697a 4500
999 _c3668
_d3668
003 GBCCL
005 20241126110500.0
008 171201b xxu||||| |||| 00| 0 eng d
040 _cgbc
082 _aVER 253.092
_bTHA
100 _aThangrawnlian
_97277
245 _aAman hon pi ka kipak hi /
_cThangrawnlian
260 _aNew Lamka:
_bAuthor,
_c2016
300 _a284p.;
_c23 cm.
650 _aPastor
_vBiography
_97278
942 _2ddc
_cBK
_01